|
|
|
|
| LEADER |
00608cam a2200205ua 4500 |
| 008 |
060815t2000||||||||||| 00 ||eng c |
| 020 |
|
|
|a 81-87967-10-2
|
| 041 |
0 |
|
|a eng
|
| 082 |
|
|
|a 150
|b MIN
|
| 245 |
1 |
0 |
|a Mind is a myth: conversations with U.G. Krishnamurthi /
|c Editor
|
| 250 |
|
|
|a 1
|
| 260 |
|
|
|a New Delhi:
|b Smriti,
|c 2000.
|
| 300 |
|
|
|a xxvii, 159p..
|
| 362 |
1 |
|
|a 2000.
|
| 365 |
|
|
|a Rs.195/-
|e pb
|
| 504 |
|
|
|a .
|
| 650 |
0 |
|
|a Psychology
|
| 942 |
|
|
|c BK
|
| 999 |
|
|
|c 6174
|d 6174
|
| 952 |
|
|
|0 0
|1 0
|4 0
|6 150_000000000000000_MI
|7 0
|9 6493
|a KUCL
|b KUCL
|d 2014-05-23
|l 1
|o 150 MI
|p 11358
|r 2015-10-30
|s 2015-09-26
|w 2014-05-23
|y BK
|